[Event "Solingen - Luebeck"]
[Site "BL 0203"]
[Date "2003.01.12"]
[Round "9.8"]
[White "Schaefer, Markus"]
[Black "Agdestein, Simen"]
[Result "1/2-1/2"]
[WhiteElo "2385"]
[BlackElo "2578"]
[PlyCount "131"]
[EventDate "2003.01.12"]

1. e4 e5 2. Nf3 Nc6 3. c3 Nf6 4. d4 d6 5. Bd3 g6 6. O-O Bg7 7. Nbd2 O-O 8. dxe5
Nxe5 9. Nxe5 dxe5 10. Qc2 Nh5 11. Re1 f5 12. exf5 Nf4 13. Bf1 gxf5 14. Nf3 Ng6
15. Bg5 Qd5 16. Qa4 Bd7 17. Bc4 Bxa4 18. Bxd5+ Kh8 19. Nh4 Nxh4 20. Bxh4 Bc2
21. f3 e4 22. fxe4 c6 23. Bc4 Bxe4 24. Rad1 b5 25. Bd3 Bd5 26. a3 Bb3 27. Rd2
Rf7 28. Rde2 a5 29. Re8+ Rxe8 30. Rxe8+ Bf8 31. Be7 Rxe7 32. Rxf8+ Kg7 33. Rxf5
Re1+ 34. Rf1 Re3 35. Rf3 Re1+ 36. Kf2 Rd1 37. Ke3 h5 38. Rg3+ Kf7 39. Bg6+ Ke7
40. Rf3 Bd5 41. Rf2 h4 42. Bh5 Rb1 43. Bf3 Ke6 44. Rd2 Bxf3 45. Kxf3 Kf5 46. g3
hxg3 47. hxg3 Rg1 48. Rg2 Rd1 49. Re2 Rg1 50. Kf2 Rd1 51. Kf3 Rg1 52. Rd2 a4
53. Rh2 Re1 54. g4+ Kg5 55. Rh5+ Kg6 56. Rh2 Kg5 57. Rh5+ Kg6 58. Rc5 Rb1 59.
Rxc6+ Kf7 60. Ke4 Rxb2 61. Kd4 Rb3 62. Rb6 Kg7 63. g5 Kh7 64. Kd3 Kg7 65. Kc2
Kh7 66. Kd3 1/2-1/2

[Event "Wattenscheid - Hamburg"]
[Site "BL 0203"]
[Date "2003.01.12"]
[Round "9.1"]
[White "Dorfman, Jossif"]
[Black "Macieja, Bartlomiej"]
[Result "1/2-1/2"]
[WhiteElo "2617"]
[BlackElo "2615"]
[PlyCount "21"]
[EventDate "2003.01.12"]

1. e4 e5 2. Nf3 Nf6 3. Nxe5 d6 4. Nf3 Nxe4 5. d3 Nf6 6. d4 Bg4 7. Be2 Be7 8. h3
Bh5 9. Bf4 O-O 10. Nbd2 Re8 11. O-O 1/2-1/2

[Event "Wattenscheid - Hamburg"]
[Site "BL 0203"]
[Date "2003.01.12"]
[Round "9.2"]
[White "Aronian, Levon"]
[Black "Ftacnik, Lubomir"]
[Result "1/2-1/2"]
[WhiteElo "2581"]
[BlackElo "2603"]
[PlyCount "63"]
[EventDate "2003.01.12"]

1. c4 c5 2. Nf3 Nf6 3. Nc3 e6 4. e3 Nc6 5. a3 d5 6. d4 a6 7. dxc5 Bxc5 8. b4
Ba7 9. Bb2 O-O 10. Qc2 Qe7 11. Rd1 Rd8 12. Be2 d4 13. exd4 Nxd4 14. Nxd4 Bxd4
15. O-O e5 16. Na4 Bg4 17. Bxg4 Nxg4 18. Bxd4 Rxd4 19. Nb6 Rad8 20. Nd5 Qd6 21.
h3 Nf6 22. Rxd4 exd4 23. Rd1 Qe5 24. f4 Qe6 25. Qd2 b5 26. Qxd4 Kh8 27. f5 Qe2
28. Rc1 bxc4 29. Qe3 Qd3 30. Qxd3 cxd3 31. Nxf6 gxf6 32. Kf2 1/2-1/2

[Event "Wattenscheid - Hamburg"]
[Site "BL 0203"]
[Date "2003.01.12"]
[Round "9.3"]
[White "Kempinski, Robert"]
[Black "Appel, Ralf"]
[Result "1-0"]
[WhiteElo "2532"]
[BlackElo "2503"]
[PlyCount "81"]
[EventDate "2003.01.12"]

1. d4 Nf6 2. c4 d6 3. Nf3 Nbd7 4. g3 e5 5. Bg2 c6 6. O-O Be7 7. Nc3 O-O 8. Qc2
Re8 9. Rd1 Bf8 10. d5 c5 11. e4 g6 12. a3 Nb8 13. b4 Na6 14. Rb1 Nh5 15. Nb5 f6
16. Be3 b6 17. Qa4 Re7 18. Ne1 Rf7 19. Nd3 f5 20. exf5 gxf5 21. f4 e4 22. Nf2
Nf6 23. bxc5 Nxc5 24. Qc2 h5 25. Nd4 Bd7 26. Qe2 h4 27. gxh4 Nh7 28. Kh1 Qxh4
29. Rg1 Kh8 30. Bh3 Nd3 31. Nxd3 Qxh3 32. Nf2 Qh6 33. Ne6 Be7 34. Ng5 Nxg5 35.
fxg5 Qh4 36. Bd4+ Kg8 37. Rb3 e3 38. Rxe3 Qxd4 39. g6 Rg7 40. Rxe7 Rf8 41. Rxd7
1-0

[Event "Wattenscheid - Hamburg"]
[Site "BL 0203"]
[Date "2003.01.12"]
[Round "9.4"]
[White "Holzke, Frank"]
[Black "Berg, Emanuel"]
[Result "1-0"]
[WhiteElo "2479"]
[BlackElo "2535"]
[PlyCount "81"]
[EventDate "2003.01.12"]

1. e4 e6 2. d4 d5 3. Nd2 Nf6 4. e5 Nfd7 5. Bd3 c5 6. c3 Nc6 7. Ne2 cxd4 8. cxd4
f6 9. exf6 Nxf6 10. O-O Bd6 11. Nf3 Qc7 12. Bg5 O-O 13. Rc1 Ng4 14. Ng3 Bd7 15.
Nd2 Nf6 16. Nb3 Rae8 17. Nc5 Bxc5 18. Rxc5 Qd6 19. Bc2 Nb4 20. Bb1 e5 21. Bxf6
gxf6 22. Nf5 Bxf5 23. Bxf5 Nc6 24. Qg4+ Kh8 25. Bxh7 Re7 26. Bg6 f5 27. Qh5+
Kg8 28. Rc3 Rg7 29. Rg3 Rf6 30. dxe5 Qxe5 31. Re3 Qd6 32. Bxf5 Ne7 33. Qe8+ Rf8
34. Be6+ Qxe6 35. Qxf8+ Kxf8 36. Rxe6 Nc6 37. Rd6 d4 38. Re1 Rg5 39. Rd7 b5 40.
b3 a5 41. f4 1-0

[Event "Wattenscheid - Hamburg"]
[Site "BL 0203"]
[Date "2003.01.12"]
[Round "9.5"]
[White "Wahls, Matthias"]
[Black "Dinstuhl, Volkmar"]
[Result "0-1"]
[WhiteElo "2539"]
[BlackElo "2416"]
[PlyCount "82"]
[EventDate "2003.01.12"]

1. c4 g6 2. Nc3 Bg7 3. g3 d6 4. Bg2 e5 5. d3 f5 6. e4 Nh6 7. Nge2 Nc6 8. h4 Be6
9. Bg5 Qd7 10. Nd5 Ng8 11. Qb3 Rb8 12. O-O-O h6 13. Be3 Nf6 14. exf5 Bxf5 15.
Nxf6+ Bxf6 16. Bd5 Kf8 17. f3 Kg7 18. g4 Be6 19. Nc3 Nd4 20. Bxd4 exd4 21. Bxe6
Qxe6 22. Nd5 c6 23. Nxf6 Qxf6 24. h5 g5 25. Rde1 Rhf8 26. Rhf1 Rf7 27. Qd1 b5
28. cxb5 Rxb5 29. Re2 Re5 30. Rxe5 Qxe5 31. Kb1 Re7 32. f4 gxf4 33. Qf3 Rf7 34.
Qxc6 f3 35. Qe4 Qxe4 36. dxe4 Rf4 37. Kc2 Kf6 38. Kd3 Ke5 39. Rf2 Rf6 40. b4
Kf4 41. Kxd4 Re6 0-1

[Event "Wattenscheid - Hamburg"]
[Site "BL 0203"]
[Date "2003.01.12"]
[Round "9.6"]
[White "Ellers, Holger"]
[Black "Bezold, Michael"]
[Result "0-1"]
[WhiteElo "2425"]
[BlackElo "2468"]
[PlyCount "58"]
[EventDate "2003.01.12"]

1. d4 Nf6 2. Nf3 e6 3. g3 c5 4. c4 cxd4 5. Nxd4 a6 6. Nc3 Qc7 7. Bg5 Be7 8. Bg2
d6 9. Rc1 O-O 10. O-O Nbd7 11. Qd2 h6 12. Bxh6 gxh6 13. Qxh6 Re8 14. Nd5 exd5
15. Nf5 Bf8 16. Qg5+ Kh8 17. Bxd5 Nh7 18. Qf4 Ndf6 19. Nh6 Bxh6 20. Qxh6 Rxe2
21. Rfe1 Rxe1+ 22. Rxe1 Bf5 23. Qf4 Nxd5 24. cxd5 Qd7 25. h4 Rg8 26. Qd4+ f6
27. Qe3 Bg6 28. Qf4 Re8 29. Rxe8+ Bxe8 0-1

[Event "Wattenscheid - Hamburg"]
[Site "BL 0203"]
[Date "2003.01.12"]
[Round "9.7"]
[White "Heinemann, Thies"]
[Black "Straeter, Timo"]
[Result "1/2-1/2"]
[WhiteElo "2437"]
[BlackElo "2329"]
[PlyCount "68"]
[EventDate "2003.01.12"]

1. e4 e5 2. Nf3 Nc6 3. Nc3 d6 4. d4 Bg4 5. Bb5 exd4 6. Qxd4 Nge7 7. Qe3 Ng6 8.
Bd2 Be7 9. Nd4 Bd7 10. Nd5 O-O 11. Bxc6 bxc6 12. Nxe7+ Qxe7 13. O-O Rfe8 14.
Rfe1 c5 15. Nb3 f5 16. exf5 Qxe3 17. Rxe3 Rxe3 18. fxe3 Bxf5 19. Ba5 Rc8 20. c4
Ne5 21. Nd2 Be6 22. b3 Nc6 23. Bc3 a5 24. e4 a4 25. Rb1 Ra8 26. bxa4 Rxa4 27.
Rb7 Rxa2 28. Rxc7 Nd4 29. Kf1 Rc2 30. Bxd4 Rxd2 31. Bxg7 Bxc4+ 32. Kg1 Re2 33.
e5 dxe5 34. Rxc5 Kxg7 1/2-1/2

[Event "Wattenscheid - Hamburg"]
[Site "BL 0203"]
[Date "2003.01.12"]
[Round "9.8"]
[White "Thiel, Thomas"]
[Black "Reeh, Oliver"]
[Result "0-1"]
[WhiteElo "2309"]
[BlackElo "2423"]
[PlyCount "80"]
[EventDate "2003.01.12"]

1. e4 e5 2. Nf3 Nc6 3. d4 exd4 4. Nxd4 Bb4+ 5. c3 Be7 6. Bc4 d6 7. Nxc6 bxc6 8.
Qb3 Nf6 9. Bxf7+ Kf8 10. Bc4 Nxe4 11. Qd1 d5 12. Bd3 Nf6 13. Bg5 h6 14. Bxf6
Bxf6 15. Nd2 Qe7+ 16. Kf1 g5 17. Qc2 Kg7 18. Re1 Qf7 19. h4 g4 20. h5 Bg5 21.
Nb3 Rf8 22. Nc5 Be7 23. b4 Bd6 24. Re2 a5 25. a4 Qf6 26. Qd1 Kh8 27. Qe1 axb4
28. cxb4 Bxc5 29. bxc5 Rxa4 30. Re8 Rxe8 31. Qxe8+ Kg7 32. Qxc8 Ra1+ 33. Ke2
Qb2+ 34. Ke3 Qe5+ 35. Kd2 Qf4+ 36. Kc2 Qa4+ 37. Kd2 Qb4+ 38. Ke3 Qxc5+ 39. Ke2
Qe7+ 40. Kd2 Rxh1 0-1

[Event "Kreuzberg - Porz"]
[Site "BL 0203"]
[Date "2003.01.12"]
[Round "9.2"]
[White "Nisipeanu, Liviu-Diter"]
[Black "Sokolov, Ivan"]
[Result "1/2-1/2"]
[WhiteElo "2613"]
[BlackElo "2677"]
[PlyCount "50"]
[EventDate "2003.01.12"]

1. e4 e5 2. Nf3 Nc6 3. Bb5 a6 4. Ba4 Nf6 5. O-O Be7 6. Re1 b5 7. Bb3 d6 8. c3
O-O 9. h3 Na5 10. Bc2 c5 11. d3 Nc6 12. Nbd2 Be6 13. d4 cxd4 14. cxd4 exd4 15.
Nb3 Bxb3 16. Bxb3 Qb6 17. Bf4 Rac8 18. Rc1 Nd7 19. Bd5 Nde5 20. Bxe5 dxe5 21.
Bxc6 Rxc6 22. Nxe5 Rxc1 23. Qxc1 Qe6 24. Nc6 Bg5 25. Qxg5 Qxc6 1/2-1/2

[Event "Kreuzberg - Porz"]
[Site "BL 0203"]
[Date "2003.01.12"]
[Round "9.3"]
[White "Andersson, Ulf"]
[Black "Tischbierek, Raj"]
[Result "1/2-1/2"]
[WhiteElo "2599"]
[BlackElo "2523"]
[PlyCount "55"]
[EventDate "2003.01.12"]

1. Nf3 d5 2. d4 Nf6 3. c4 c6 4. cxd5 cxd5 5. Nc3 Nc6 6. Bf4 Bf5 7. e3 e6 8. Qb3
Bb4 9. Bb5 Qe7 10. O-O O-O 11. Bxc6 bxc6 12. Rfc1 Rfc8 13. Na4 Ne4 14. a3 Ba5
15. Nc5 Nxc5 16. Rxc5 Bb6 17. Rc3 c5 18. dxc5 Rxc5 19. Be5 Rac8 20. Rac1 f6 21.
Bd4 Rxc3 22. Rxc3 Rxc3 23. Qxc3 e5 24. Bxb6 axb6 25. Qc6 Qc5 26. Qe8+ Qf8 27.
Qc6 Qc5 28. Qe8+ 1/2-1/2

[Event "Kreuzberg - Porz"]
[Site "BL 0203"]
[Date "2003.01.12"]
[Round "9.4"]
[White "Lau, Ralf"]
[Black "Vaganian, Rafael"]
[Result "1/2-1/2"]
[WhiteElo "2491"]
[BlackElo "2664"]
[PlyCount "79"]
[EventDate "2003.01.12"]

1. e4 e6 2. d4 d5 3. Nd2 c5 4. exd5 exd5 5. Ngf3 Nc6 6. Bb5 Bd6 7. dxc5 Bxc5 8.
O-O Nge7 9. Nb3 Bd6 10. Re1 O-O 11. c3 h6 12. h3 Nf5 13. Bd3 Qf6 14. Bc2 Rd8
15. Qd3 g6 16. Bd2 Bf8 17. Rad1 a5 18. a4 b6 19. Qf1 d4 20. Nfxd4 Nfxd4 21.
Nxd4 Nxd4 22. cxd4 Ba6 23. Bd3 Bxd3 24. Qxd3 Qxd4 25. Qb3 Bc5 26. Be3 Qf6 27.
Bxc5 bxc5 28. Qc3 Qxc3 29. bxc3 Kg7 30. Rxd8 Rxd8 31. Re5 Rd1+ 32. Kh2 Ra1 33.
Rxc5 Rxa4 34. Rc6 Kf8 35. Rc7 Re4 36. Rc5 a4 37. Kg3 f6 38. Ra5 Rc4 39. f3 h5
40. Kf2 1/2-1/2

[Event "Kreuzberg - Porz"]
[Site "BL 0203"]
[Date "2003.01.12"]
[Round "9.5"]
[White "Gurevich, Mikhail"]
[Black "Maiwald, Jens-Uwe"]
[Result "1-0"]
[WhiteElo "2649"]
[BlackElo "2512"]
[PlyCount "70"]
[EventDate "2003.01.12"]

1. c4 g6 2. Nc3 Bg7 3. g3 d6 4. Bg2 e5 5. d3 f5 6. e4 Nf6 7. Nge2 O-O 8. O-O
Nc6 9. h3 f4 10. gxf4 Nh5 11. f5 Qh4 12. Qd2 h6 13. f3 gxf5 14. Qe1 Qxe1 15.
Rxe1 Nb4 16. Rd1 Nc2 17. Rb1 c6 18. Bd2 Be6 19. Rbc1 Nb4 20. Be1 Rf7 21. exf5
Rxf5 22. Ne4 Na6 23. Nxd6 Rg5 24. Ne4 Rg6 25. Kh2 Kh8 26. Bc3 Rf8 27. Rd2 c5
28. Re1 b6 29. N4g3 Nf4 30. Nxf4 exf4 31. Bxg7+ Kxg7 32. Nh5+ Kg8 33. Re4 Bf5
34. Rxf4 Nb4 35. Ng3 Bd7 1-0

[Event "Kreuzberg - Porz"]
[Site "BL 0203"]
[Date "2003.01.12"]
[Round "9.6"]
[White "Kalinitschew, Sergey"]
[Black "Hansen, Curt"]
[Result "1/2-1/2"]
[WhiteElo "2487"]
[BlackElo "2625"]
[PlyCount "38"]
[EventDate "2003.01.12"]

1. d4 Nf6 2. c4 e6 3. Nf3 b6 4. a3 Ba6 5. e3 d5 6. Ne5 Bd6 7. Qa4+ c6 8. Nc3
Bxe5 9. dxe5 Nfd7 10. cxd5 Bxf1 11. dxc6 Bxg2 12. cxd7+ Qxd7 13. Rg1 Qxa4 14.
Nxa4 Bc6 15. Nc3 Nd7 16. f4 O-O 17. b4 b5 18. Ne2 a6 19. Bb2 Nb6 1/2-1/2

[Event "Kreuzberg - Porz"]
[Site "BL 0203"]
[Date "2003.01.12"]
[Round "9.7"]
[White "Graf, Alexander"]
[Black "Muse, Drazen"]
[Result "1-0"]
[WhiteElo "2624"]
[BlackElo "2432"]
[PlyCount "51"]
[EventDate "2003.01.12"]

1. d4 d5 2. c4 c6 3. Nf3 Nf6 4. Nc3 a6 5. cxd5 cxd5 6. Bf4 e6 7. e3 Nc6 8. Bd3
Bd6 9. Bg3 b5 10. Rc1 Bb7 11. Bb1 O-O 12. Ne5 Ne7 13. Nd3 Ne4 14. Nxe4 dxe4 15.
Bxd6 Qxd6 16. Nc5 Bd5 17. Nxe4 Qb4+ 18. Qd2 Qxd2+ 19. Kxd2 f5 20. Nc5 Rfd8 21.
f3 e5 22. e4 fxe4 23. fxe4 Bc4 24. d5 Nxd5 25. exd5 Rxd5+ 26. Ke3 1-0

[Event "Kreuzberg - Porz"]
[Site "BL 0203"]
[Date "2003.01.12"]
[Round "9.8"]
[White "Loeffler, Stefan"]
[Black "Van den Doel, Erik"]
[Result "0-1"]
[WhiteElo "2398"]
[BlackElo "2602"]
[PlyCount "79"]
[EventDate "2003.01.12"]

1. Nf3 d5 2. c4 e6 3. d4 dxc4 4. e3 c5 5. Bxc4 a6 6. O-O Nf6 7. e4 b5 8. Bd3
Bb7 9. Bg5 Be7 10. Nbd2 h6 11. Bxf6 Bxf6 12. e5 Be7 13. Be4 Bxe4 14. Nxe4 cxd4
15. Rc1 O-O 16. Nxd4 Ra7 17. Qg4 Rd7 18. Rcd1 Kh8 19. Ng3 Bc5 20. Nb3 Bb6 21.
Qf3 Nc6 22. Rxd7 Qxd7 23. Rd1 Qc7 24. Qc3 Nxe5 25. Qxc7 Bxc7 26. Nc5 a5 27.
Nge4 Bb6 28. Kf1 Rc8 29. Nd3 Nxd3 30. Rxd3 f5 31. Nc3 b4 32. Na4 Rc1+ 33. Ke2
Bc7 34. g3 Ra1 35. a3 Be5 36. Rb3 bxa3 37. bxa3 Ra2+ 38. Ke3 Bd6 39. Kd4 Rxf2
40. Ke3 0-1

[Event "Neukoelln - Godesberg"]
[Site "BL 0203"]
[Date "2003.01.12"]
[Round "9.2"]
[White "Slobodjan, Roman"]
[Black "Sprenger, Jan-Michael"]
[Result "0-1"]
[WhiteElo "2521"]
[BlackElo "2426"]
[PlyCount "110"]
[EventDate "2003.01.12"]

1. e4 c5 2. Nf3 Nc6 3. Bb5 g6 4. O-O Bg7 5. Nc3 Nd4 6. Ba4 Qa5 7. a3 b5 8. b4
Qa6 9. Nxd4 cxd4 10. Bxb5 Qb7 11. Nd5 e6 12. Bc4 exd5 13. Bxd5 Qb8 14. Qf3 Nf6
15. Bxa8 Qxa8 16. Bb2 O-O 17. Bxd4 Qxe4 18. Qxe4 Nxe4 19. Bxg7 Kxg7 20. Rfd1 d5
21. Rac1 Be6 22. c3 Rc8 23. a4 Kf6 24. f3 Nd6 25. Kf2 Nc4 26. Rc2 Bf5 27. d3
Ne5 28. Ke3 d4+ 29. Kxd4 Bxd3 30. Rcc1 Bc2 31. Rxc2 Rd8+ 32. Kc5 Rxd1 33. Kb5
Rd6 34. a5 Ke6 35. c4 a6+ 36. Ka4 Rd4 37. Kb3 Kd6 38. b5 Kc5 39. bxa6 Nc6 40.
Rb2 Nxa5+ 41. Ka2 Rxc4 42. Ka3 Rc1 43. Ka2 Nc6 44. Rb7 Rc2+ 45. Kb3 Rxg2 46. a7
Nxa7 47. Rxa7 Rxh2 48. Rxf7 Kd4 49. Re7 h5 50. Re4+ Kd3 51. Re5 Rg2 52. f4 h4
53. Rc5 Ke3 54. f5 gxf5 55. Rxf5 h3 0-1

[Event "Neukoelln - Godesberg"]
[Site "BL 0203"]
[Date "2003.01.12"]
[Round "9.3"]
[White "Langheinrich, Ferenc"]
[Black "Berndt, Stephan"]
[Result "1/2-1/2"]
[WhiteElo "2360"]
[BlackElo "2482"]
[PlyCount "82"]
[EventDate "2003.01.12"]

1. Nf3 Nf6 2. c4 e6 3. Nc3 d5 4. e3 Be7 5. b3 O-O 6. Bb2 b6 7. Be2 Bb7 8. O-O
c5 9. cxd5 Nxd5 10. Nxd5 Bxd5 11. Qc2 Nd7 12. Rfd1 Bf6 13. d4 cxd4 14. Bxd4 Qc8
15. Rac1 Qb7 16. Qc7 Rfc8 17. Qxb7 Bxb7 18. Bb5 Rxc1 19. Rxc1 Rc8 20. Rxc8+
Bxc8 21. Bxd7 Bxd7 22. Bxf6 gxf6 23. Nd2 Kf8 24. f3 Ke7 25. Kf2 Bb5 26. Ne4 Bc6
27. Nc3 a5 28. a3 f5 29. f4 f6 30. b4 axb4 31. axb4 Kd6 32. Kg3 Ke7 33. Kf2 Kd6
34. g3 Bd5 35. Ke2 Bc6 36. Kd3 Bg2 37. Na4 Kc6 38. Nc3 Kd6 39. Ke2 Bc6 40. Kf2
Bd5 41. h3 h6 1/2-1/2

[Event "Neukoelln - Godesberg"]
[Site "BL 0203"]
[Date "2003.01.12"]
[Round "9.4"]
[White "Polzin, Rainer"]
[Black "Seger, Ruediger"]
[Result "1-0"]
[WhiteElo "2462"]
[BlackElo "2398"]
[PlyCount "91"]
[EventDate "2003.01.12"]

1. e4 c6 2. d4 d5 3. e5 c5 4. dxc5 e6 5. Nf3 Bxc5 6. Bd3 Nc6 7. O-O f6 8. Bf4
fxe5 9. Bxe5 Nf6 10. Qe2 O-O 11. Nbd2 Bd6 12. c3 Nxe5 13. Nxe5 Bxe5 14. Qxe5
Qb6 15. Nb3 Bd7 16. Rae1 Rae8 17. Qd4 Qd6 18. f4 Ng4 19. h3 Nf6 20. Nd2 Bc6 21.
Nf3 Nd7 22. Ne5 Qc5 23. Qxc5 Nxc5 24. Bc2 Ba4 25. Bb1 Nd7 26. Nxd7 Bxd7 27. Re5
Rc8 28. Bd3 b5 29. f5 exf5 30. Rxd5 Be6 31. Rxb5 Rcd8 32. Rf3 g6 33. Ra5 Rf7
34. Bb5 Rb7 35. b3 Rd2 36. Rf2 Rd1+ 37. Kh2 g5 38. Re2 Bf7 39. Ba6 Rb6 40. Bc8
Rc6 41. Bxf5 Rxc3 42. Rxa7 h5 43. Ree7 g4 44. hxg4 h4 45. Rxf7 Rcc1 46. Bh7+
1-0

[Event "Neukoelln - Godesberg"]
[Site "BL 0203"]
[Date "2003.01.12"]
[Round "9.5"]
[White "Jackelen, Thomas"]
[Black "Borriss, Martin"]
[Result "1/2-1/2"]
[WhiteElo "2415"]
[BlackElo "2439"]
[PlyCount "55"]
[EventDate "2003.01.12"]

1. Nf3 Nf6 2. c4 g6 3. Nc3 Bg7 4. e4 d6 5. d4 O-O 6. Be2 Na6 7. O-O e5 8. Be3
Ng4 9. Bg5 Qe8 10. dxe5 dxe5 11. h3 h6 12. Bd2 Nf6 13. Be3 Qe7 14. Nd5 Qd8 15.
Qc2 c6 16. Nxf6+ Qxf6 17. Rad1 Qe7 18. c5 Be6 19. Rd6 Nc7 20. Rfd1 Nb5 21. R6d2
Rfd8 22. Bc4 Rxd2 23. Rxd2 Nd4 24. Bxd4 exd4 25. Bxe6 Qxe6 26. b3 Rd8 27. Kf1
Rd7 28. Qd3 1/2-1/2

[Event "Neukoelln - Godesberg"]
[Site "BL 0203"]
[Date "2003.01.12"]
[Round "9.7"]
[White "Upleger, Martin"]
[Black "Thiede, Lars"]
[Result "0-1"]
[WhiteElo "2268"]
[BlackElo "2416"]
[PlyCount "86"]
[EventDate "2003.01.12"]

1. e4 g6 2. d4 Bg7 3. Nf3 d6 4. c3 Nf6 5. Bd3 O-O 6. O-O Nc6 7. Re1 e5 8. dxe5
Nxe5 9. Nxe5 dxe5 10. Qc2 c6 11. Nd2 Nh5 12. a4 Nf4 13. Bf1 Qf6 14. Nc4 Be6 15.
Be3 h5 16. Red1 h4 17. f3 h3 18. g3 Ng2 19. Bxg2 hxg2 20. Nd2 Bh3 21. Qd3 Qe6
22. Qe2 f5 23. exf5 gxf5 24. Qc4 Rfe8 25. Qxe6+ Rxe6 26. Nc4 f4 27. Bf2 e4 28.
gxf4 exf3 29. Rd3 Bg4 30. Nd2 Rf8 31. Bg3 Re2 32. Nxf3 Rxb2 33. Ne1 Be2 34. Re3
Bf1 35. Rc1 Rd8 36. f5 Bf8 37. Bf2 Rxf2 38. Kxf2 Bc5 39. Nxg2 Bxg2 40. Rg1 Rd2+
41. Kg3 Bxe3 42. Rxg2 Rxg2+ 43. Kxg2 b5 0-1

[Event "Neukoelln - Godesberg"]
[Site "BL 0203"]
[Date "2003.01.12"]
[Round "9.8"]
[White "Rudolf, Henrik"]
[Black "Philipowski, Robert"]
[Result "1/2-1/2"]
[WhiteElo "2348"]
[BlackElo "2299"]
[PlyCount "96"]
[EventDate "2003.01.12"]

1. e4 c5 2. Nf3 Nc6 3. d4 cxd4 4. Nxd4 Nf6 5. Nc3 d6 6. Bg5 e6 7. Qd2 a6 8.
O-O-O Bd7 9. f3 Be7 10. h4 Qc7 11. Kb1 O-O 12. Nxc6 Bxc6 13. Bd3 Rfd8 14. h5 d5
15. exd5 Nxd5 16. Bxe7 Qxe7 17. h6 g6 18. Nxd5 Bxd5 19. Qc3 f6 20. Rhe1 Rac8
21. Qa5 Kf7 22. c4 Bc6 23. Bc2 Qf8 24. Rxd8 Rxd8 25. Bb3 Re8 26. c5 Qxh6 27.
Bxe6+ Kg7 28. Bb3 Rc8 29. Re7+ Kh8 30. Qc3 Qh1+ 31. Re1 Qh4 32. g3 Qg5 33. Be6
Rf8 34. f4 Qh6 35. Qd4 Qg7 36. g4 f5 37. Qd6 Be4+ 38. Ka1 h6 39. g5 h5 40. a3
Kh7 41. Bd5 Bxd5 42. Qxd5 Rf7 43. Re6 Rd7 44. Rd6 Re7 45. Rf6 Rd7 46. Qe6 Re7
47. Qb3 Rd7 48. Qe6 Re7 1/2-1/2

[Event "Baden Oos - Plauen"]
[Site "BL 0203"]
[Date "2003.01.12"]
[Round "9.2"]
[White "Dautov, Rustem"]
[Black "Bischoff, Klaus"]
[Result "1/2-1/2"]
[WhiteElo "2617"]
[BlackElo "2554"]
[PlyCount "62"]
[EventDate "2003.01.12"]

1. d4 e6 2. c4 Nf6 3. Nf3 b6 4. g3 Ba6 5. b3 Bb7 6. Bg2 Bb4+ 7. Bd2 Be7 8. O-O
O-O 9. Nc3 Na6 10. Bf4 d5 11. Ne5 h6 12. Rc1 Qc8 13. Bh3 Qe8 14. cxd5 exd5 15.
Qd2 h5 16. Bg5 Rd8 17. e3 c5 18. Qd1 Nc7 19. f4 Ne6 20. Bxe6 fxe6 21. Qd3 Rc8
22. Ne2 Bd6 23. Nc3 cxd4 24. exd4 Ne4 25. Nxe4 dxe4 26. Qe3 Bxe5 27. dxe5 Rxc1
28. Rxc1 Qd7 29. Kf2 Rc8 30. Rxc8+ Qxc8 31. Be7 Qc2+ 1/2-1/2

[Event "Baden Oos - Plauen"]
[Site "BL 0203"]
[Date "2003.01.12"]
[Round "9.3"]
[White "Markowski, Tomasz"]
[Black "Huebner, Robert Dr"]
[Result "1/2-1/2"]
[WhiteElo "2549"]
[BlackElo "2640"]
[PlyCount "59"]
[EventDate "2003.01.12"]

1. g3 e5 2. c4 Nf6 3. Bg2 d5 4. cxd5 Nxd5 5. Nf3 Nc6 6. O-O Nb6 7. Nc3 Be7 8.
d3 O-O 9. a3 Re8 10. b4 Bf8 11. Nd2 a5 12. b5 Nd4 13. Bb2 c6 14. bxc6 Nxc6 15.
Nb5 a4 16. Rb1 Be6 17. Ba1 Qd7 18. Qc2 Rec8 19. Qb2 f6 20. d4 Rd8 21. Rfd1 Na5
22. dxe5 Nbc4 23. Qd4 Nxe5 24. Qxd7 Rxd7 25. Bxe5 fxe5 26. Nf3 Rxd1+ 27. Rxd1
Bb3 28. Nxe5 Bxd1 29. Bd5+ Kh8 30. Nf7+ 1/2-1/2

[Event "Baden Oos - Plauen"]
[Site "BL 0203"]
[Date "2003.01.12"]
[Round "9.4"]
[White "Doettling, Fabian"]
[Black "Kindermann, Stefan"]
[Result "1/2-1/2"]
[WhiteElo "2539"]
[BlackElo "2519"]
[PlyCount "42"]
[EventDate "2003.01.12"]

1. d4 d5 2. c4 c6 3. Nf3 Nf6 4. Qb3 dxc4 5. Qxc4 Bf5 6. Bg5 Qb6 7. Qb3 Qxb3 8.
axb3 Ne4 9. Bf4 Na6 10. Nbd2 Nb4 11. Rc1 e6 12. e3 Nd5 13. Nxe4 Bxe4 14. Nd2
Bb4 15. Bg3 O-O 16. Bd6 Bxd6 17. Nxe4 Bb4+ 18. Kd1 Rfd8 19. Kc2 Kf8 20. Be2 a5
21. Nc3 Be7 1/2-1/2

[Event "Baden Oos - Plauen"]
[Site "BL 0203"]
[Date "2003.01.12"]
[Round "9.5"]
[White "Espig, Lutz"]
[Black "Schenk, Andreas"]
[Result "1/2-1/2"]
[WhiteElo "2425"]
[BlackElo "2479"]
[PlyCount "24"]
[EventDate "2003.01.12"]

1. Nf3 Nf6 2. c4 e6 3. g3 d5 4. b3 a5 5. Bg2 a4 6. Na3 b6 7. O-O Bb7 8. Bb2
Nbd7 9. d3 Be7 10. Nc2 axb3 11. axb3 O-O 12. Nd2 Rxa1 1/2-1/2

[Event "Baden Oos - Plauen"]
[Site "BL 0203"]
[Date "2003.01.12"]
[Round "9.6"]
[White "Schlosser, Philipp"]
[Black "Brendel, Oliver"]
[Result "1/2-1/2"]
[WhiteElo "2534"]
[BlackElo "2378"]
[PlyCount "96"]
[EventDate "2003.01.12"]

1. Nf3 Nf6 2. c4 g6 3. Nc3 d5 4. cxd5 Nxd5 5. Qa4+ Bd7 6. Qc2 Nb6 7. d4 Bg7 8.
e4 Nc6 9. d5 Na5 10. Bg5 h6 11. Bh4 c6 12. dxc6 Nxc6 13. Rd1 Qc8 14. Bb5 a6 15.
Bxc6 Qxc6 16. O-O Bg4 17. Qb3 Bxf3 18. gxf3 g5 19. Bg3 O-O 20. Rc1 Qf6 21. Bc7
Nd7 22. Nd5 Qe6 23. Rfd1 Ne5 24. f4 gxf4 25. Nxf4 Qf6 26. Qg3 Qg5 27. b3 e6 28.
Kg2 Rac8 29. h4 Qxg3+ 30. Kxg3 Ng6 31. Nxg6 fxg6 32. f4 g5 33. hxg5 hxg5 34.
Kg4 gxf4 35. Rd7 f3 36. Rf1 Rf7 37. Rxf7 Kxf7 38. Rxf3+ Ke7 39. Bg3 Rg8 40. Kh5
Bd4 41. Rd3 e5 42. Bh4+ Kd6 43. Bg5 Rf8 44. Kg4 Rf2 45. Rd2 Rf1 46. Rh2 Rg1+
47. Kf5 Rf1+ 48. Kg4 Rg1+ 1/2-1/2

[Event "Baden Oos - Plauen"]
[Site "BL 0203"]
[Date "2003.01.12"]
[Round "9.7"]
[White "Sandner, Gunter"]
[Black "Schmaltz, Roland"]
[Result "0-1"]
[WhiteElo "2323"]
[BlackElo "2529"]
[PlyCount "74"]
[EventDate "2003.01.12"]

1. d4 Nf6 2. Nf3 g6 3. g3 Bg7 4. Bg2 O-O 5. O-O d6 6. c4 Nbd7 7. Nc3 e5 8. e4
exd4 9. Nxd4 Re8 10. h3 Nc5 11. Re1 Bd7 12. Nb3 Na4 13. Nxa4 Bxa4 14. Qc2 Nd7
15. Bd2 h5 16. Bc3 Bxc3 17. Qxc3 h4 18. f4 hxg3 19. Qxg3 Qf6 20. Re2 Re7 21.
Rae1 Rae8 22. Kh1 b6 23. h4 Kg7 24. h5 Rh8 25. Bf3 Bxb3 26. axb3 Nc5 27. e5
dxe5 28. fxe5 Qf5 29. Rh2 Ne6 30. hxg6 Rxh2+ 31. Kxh2 fxg6 32. Bg4 Qg5 33. Bxe6
Qd2+ 34. Kh3 Rxe6 35. Qg4 Re8 36. Re2 Qd1 37. Kg2 Rxe5 0-1

[Event "Baden Oos - Plauen"]
[Site "BL 0203"]
[Date "2003.01.12"]
[Round "9.8"]
[White "Keitlinghaus, Ludger"]
[Black "Kuraszkiewicz, Michael"]
[Result "1-0"]
[WhiteElo "2500"]
[BlackElo "2323"]
[PlyCount "59"]
[EventDate "2003.01.12"]

1. e4 e5 2. Nf3 Nf6 3. Nc3 Nc6 4. Bb5 Nd4 5. Bc4 Bc5 6. Nxe5 Qe7 7. Nf3 d5 8.
Bxd5 Nxd5 9. Nxd4 Nf4 10. Qf3 Nxg2+ 11. Qxg2 Bxd4 12. Nd5 Qh4 13. d3 Be5 14.
Bg5 Qh5 15. f4 c6 16. fxe5 cxd5 17. exd5 Bg4 18. Rg1 Bf3 19. Qf2 f6 20. exf6
O-O 21. Kd2 Rae8 22. Rae1 Rxe1 23. Qxe1 Qxh2+ 24. Kc1 Bxd5 25. Kb1 Bf7 26. Bf4
Qxf4 27. Rxg7+ Kh8 28. Rxf7 Rg8 29. a3 Qd4 30. Qe7 1-0